Hoofdsteden van de Europese Unie zonder Hints - Statistieken

Algemene statistieken
  • Deze quiz is 78 keer genomen
  • De gemiddelde score is 23 van 27
Antwoordstatistieken
Land Hoofdstad % Correct
Nederland Amsterdam
100%
Duitsland Berlijn
97%
België Brussel
97%
Frankrijk Parijs
97%
Spanje Madrid
94%
Ierland Dublin
91%
Portugal Lissabon
91%
Luxemburg Luxemburg
91%
Italië Rome
91%
Hongarije Boedapest
88%
Roemenië Boekarest
88%
Denemarken Kopenhagen
88%
Oostenrijk Wenen
88%
Letland Riga
85%
Bulgarije Sofia
85%
Zweden Stockholm
85%
Griekenland Athene
82%
Finland Helsinki
82%
Tsjechië Praag
82%
Polen Warschau
82%
Slowakije Bratislava
76%
Estland Tallinn
76%
Litouwen Vilnius
73%
Kroatië Zagreb
73%
Slovenië Ljubljana
70%
Malta Valletta
64%
Cyprus Nicosia
48%
Geen overeenkomende quizzen gevonden
Scoreverdeling
Procent van Mensen met Elke Score
Percentiel versus Aantal Correcte Antwoorden
Uw Scoregeschiedenis
U heeft deze quiz nog niet genomen